| 000 | 00360 a2200121 4500 | ||
|---|---|---|---|
| 003 | Nust | ||
| 005 | 20170207154314.0 | ||
| 040 | _cNust | ||
| 245 |
_aVisit of DR Janie (Photo Album Vol No.1, 2000) _cMCS |
||
| 260 |
_aRawalpindi _bMCS _c09-03-2000 |
||
| 650 | _aPicture of visit of DR Janie to MCS (Photo Album Vol No.1, 2000) (Soft Copy) CD-04 | ||
| 651 | _aSweet Memories-MCS | ||
| 942 | _cBK | ||
| 999 |
_c196565 _d196565 |
||